书目信息 |
| 题名: |
民间年画
|
|
| 作者: | 蓝先琳 编著 | |
| 分册: | ||
| 出版信息: | 北京 中国轻工业出版社 2005 |
|
| 页数: | 143页 | |
| 开本: | 19×21cm | |
| 丛书名: | 中国民间工艺风采丛书 | |
| 单 册: | ||
| 中图分类: | J228.3 | |
| 科图分类: | ||
| 主题词: | 年画--中国--画册 , 年画 | |
| 电子资源: | ||
| ISBN: | 7-5019-4991-3 | |
| 000 | 00833oam2 2200253 450 | |
| 001 | 002992084 | |
| 005 | 20070803112515.67 | |
| 010 | @a7-5019-4991-3@dCNY36.00 | |
| 100 | @a20050815d2005 em y0chiy0110 ea | |
| 101 | 0 | @achi |
| 102 | @aCN@b110000 | |
| 105 | @aa z 000yy | |
| 200 | 1 | @a民间年画@9min jian nian hua@f蓝先琳编著 |
| 210 | @a北京@c中国轻工业出版社@d2005 | |
| 215 | @a143页@d19×21cm | |
| 225 | 2 | @a中国民间工艺风采丛书 |
| 330 | @a本书分为镇宅门神、民间诸神、娃娃仕女、风俗节令、故事戏文五大部分。对主要的图例加以简要的解说,书前附有专题论文一篇,对民间年画的源流、地域特色、类型风格加以论述。 | |
| 461 | 0 | @12001 @a中国民间工艺风采丛书 |
| 606 | 0 | @a年画@y中国@j画册 |
| 606 | 0 | @a年画 |
| 690 | @aJ228.3@v4 | |
| 701 | 0 | @a蓝先琳@9lan xian lin@4编著 |
| 801 | 0 | @aCN@bNLC@c20070803 |
| 905 | @a10447@dJ228.3@e223 | |
| 民间年画/蓝先琳编著.-北京:中国轻工业出版社,2005 |
| 143页;19×21cm.-(中国民间工艺风采丛书) |
| ISBN 7-5019-4991-3:CNY36.00 |
| 本书分为镇宅门神、民间诸神、娃娃仕女、风俗节令、故事戏文五大部分。对主要的图例加以简要的解说,书前附有专题论文一篇,对民间年画的源流、地域特色、类型风格加以论述。 |
| ● |
| 相关链接 |
|
|
|
|
正题名:民间年画
索取号:J228.3/223
 
预约/预借
| 序号 | 登录号 | 条形码 | 馆藏地/架位号 | 状态 | 备注 |
| 1 | 0801272 | 208012728 | 第一样本阅览室/ [索取号:J228.3/223] | 在馆 | |
| 2 | 0801273 | 208012737 | 第一借阅区/ [索取号:J228.3/223] | 在馆 | |
| 3 | 0801274 | 208012746 | 第一借阅区/ [索取号:J228.3/223] | 在馆 | |
| 4 | 0801275 | 208012755 | 第一借阅区/ [索取号:J228.3/223] | 在馆 | |
| 5 | 0801276 | 208012764 | 第一借阅区/ [索取号:J228.3/223] | 在馆 | |
| 6 | 0801277 | 208012773 | 第一借阅区/ [索取号:J228.3/223] | 在馆 | |
| 7 | 0801278 | 208012782 | 第一借阅区/ [索取号:J228.3/223] | 在馆 | |
| 8 | 0801279 | 208012791 | 密集书库-美术系/ [索取号:J228.3/223] | 在馆 | |
| 9 | 0801280 | 208012808 | 密集书库-美术系/ [索取号:J228.3/223] | 在馆 | |
| 10 | 0801281 | 208012817 | 密集书库-美术系/ [索取号:J228.3/223] | 在馆 |